000
003150000a22001450004500
003
MACL
040
_a
MACL
090
_c
46137
_d
46135
100
_a
Prasad, D Ravindra
245
_a
Administrative Thinkers
260
_b
Sterling Publishers
_c
2010
350
_a
250
650
_a
Adminstration
942
_c
BOOK
_k
350
999
_c
45659
_d
45659